| 000 | 00604nam a2200181 i 4500 | ||
|---|---|---|---|
| 001 | 92751 | ||
| 003 | ES-MaACL | ||
| 005 | 20230906181041.0 | ||
| 007 | t| | ||
| 008 | 050428s2001 sp ||||1| spa d | ||
| 080 | _a811.361'282(460.16) | ||
| 100 | 1 |
_aArbeloa, Víctor Manuel. _922388 |
|
| 245 | 1 | 0 |
_aNavarra y el vascuence / _cVíctor Manuel Arbeloa. |
| 260 |
_a[Pamplona] : _bDirección General de Universidades y Política Lingüística, _c[2001] |
||
| 300 |
_a51 p. ; _c24 cm. |
||
| 650 | 1 | 4 |
_aLengua vasca- _xDialectos- _zNavarra (Comunidad Autónoma) _914332 |
| 852 |
_aES-MaACL _j2187-F-22 _bR.135649 |
||
| 999 |
_c92751 _d92751 |
||